Tre største byer i alle land i Europa - Statistics

General Stats
  • This quiz has been taken 118 times
    117 since last reset
  • The average score is 48 of 120
Answer Stats
Land By % Correct
Norge Bergen
96%
Norge Oslo
96%
Norge Trondheim
94%
Spania Madrid
93%
Danmark København
92%
Frankrike Paris
92%
Italia Roma
91%
Sverige Stockholm
91%
Hellas Athen
89%
Tyskland Berlin
89%
Storbritannia London
89%
Russland Moskva
87%
Nederland Amsterdam
85%
Spania Barcelona
84%
Belgia Brussel
84%
Irland Dublin
84%
Finland Helsingfors
84%
Portugal Lisboa
84%
Sverige Malmö
84%
Russland St. Petersburg
79%
Østerrike Wien
79%
Italia Milan
78%
Sverige Göteborg
76%
Luxembourg Luxembourg
76%
Tsjekkia Praha
76%
Hviterussland Minsk
73%
Island Reykjavík
73%
Ukraina Kiev
72%
Latvia Riga
72%
Bulgaria Sofia
71%
Tyrkia Istanbul
69%
Ungarn Budapest
68%
Tyrkia Ankara
67%
Estland Tallinn
67%
Tyskland Hamburg
66%
Tyskland München
66%
Kroatia Zagreb
64%
Albania Tirana
62%
Italia Napoli
61%
Nederland Rotterdam
61%
Slovakia Bratislava
60%
Danmark Aarhus
59%
Bosnia-Hercegovina Sarajevo
59%
Litauen Vilnius
56%
Storbritannia Birmingham
55%
Romania București
55%
Polen Kraków
55%
Polen Warszawa
55%
Portugal Porto
54%
Frankrike Lyon
53%
Frankrike Marseille
52%
Sveits Zürich
52%
Serbia Beograd
49%
Spania Valencia
49%
Nord-Makedonia Skopje
48%
Nederland Haag
47%
Sveits Geneve
45%
Slovenia Ljubljana
45%
Kosovo Priština
45%
Danmark Odense
42%
Kroatia Split
40%
Montenegro Podgorica
39%
Moldova Chișinău
35%
Belgia Antwerpen
33%
Irland Cork
29%
Storbritannia Leeds
27%
Sveits Basel
26%
Belgia Gent
25%
Ukraina Kharkiv
25%
Østerrike Graz
24%
Hellas Thessaloniki
24%
Tsjekkia Brno
22%
Finland Tammerfors
22%
Litauen Kaunas
20%
Bulgaria Varna
19%
Serbia Novi Sad
18%
Østerrike Linz
15%
Tyrkia Izmir
14%
Serbia Niš
14%
Polen Łódź
13%
Island Akureyri
12%
Ukraina Dnipro
12%
Finland Esbo
11%
Irland Limerick
11%
Albania Dürres
9%
Russland Novosibirsk
9%
Estland Tartu
8%
Romania Cluj
7%
Estland Narva
7%
Moldova Tiraspol
7%
Albania Vlorë
7%
Bosnia-Hercegovina Banja Luka
6%
Slovakia Košice
6%
Bulgaria Plovdiv
6%
Slovenia Celje
5%
Island Kópavogur
5%
Ungarn Debrecen
4%
Slovenia Maribor
4%
Tsjekkia Ostrava
4%
Kroatia Rijeka
4%
Latvia Daugavpils
2%
Hviterussland Homjel
2%
Litauen Klaipėda
2%
Nord-Makedonia Kumanovo
2%
Bosnia-Hercegovina Tuzla
2%
Moldova Bălți
1%
Nord-Makedonia Bitola
1%
Luxembourg Esch-sur-Alzette
1%
Romania Iași
1%
Latvia Liepāja
1%
Hviterussland Mahiljow
1%
Ungarn Miskolc
1%
Montenegro Nikšić
1%
Hellas Patras
1%
Slovakia Prešov
1%
Kosovo Prizren
1%
Portugal Amadora
0%
Luxembourg Dudelange
0%
Kosovo Gjilan
0%
Montenegro Herceg-Novi
0%
No matching quizzes found
Score Distribution
Percent of People with Each Score
Percentile by Number Answered
Your Score History
You have not taken this quiz since the last reset